[Event "4NCL Division Four"]
[Site "Warwick, ENG"]
[Date "2024.02.11"]
[Round "6.11"]
[White "Norris, Ethan"]
[Black "Madan, Augustin"]
[Result "0-1"]
[WhiteElo "2024"]
[BlackElo "2280"]
[PlyCount "116"]
[EventDate "2024.02.11"]
[WhiteTeam "Average Woodpushers"]
[BlackTeam "Desert Penguins"]

1. e4 c5 2. Nf3 e6 3. d4 cxd4 4. Nxd4 Nf6 5. Nc3 d6 6. Be3 a6 7. g3 e5 8. Nb3
Be6 9. Bg2 Be7 10. O-O O-O 11. h3 a5 12. f4 a4 13. fxe5 dxe5 14. Qxd8 Rxd8 15.
Nc5 a3 16. Rab1 Rc8 17. Nxe6 fxe6 18. Nb5 Rxc2 19. Nxa3 Bxa3 20. bxa3 Rxa3 21.
Rf2 Rxf2 22. Bxf2 Rxa2 23. Rxb7 Nc6 24. Rb6 Rc2 25. Rb5 Rc1+ 26. Kh2 Nd7 27.
Rb2 Nd4 28. Rd2 Rc4 29. Ra2 Nc5 30. Bf1 Rc3 31. Bg2 Kf7 32. Ra7+ Kf6 33. Ra2
Nd3 34. Rd2 Nxf2 35. Rxf2+ Ke7 36. Ra2 Rc2 37. Ra3 h6 38. Kh1 Rc1+ 39. Kh2 Rc2
40. Kh1 Ne2 41. Bf1 Kf6 42. Re3 Nd4 43. Bg2 Re2 44. Rc3 Rb2 45. Kh2 g5 46. Ra3
h5 47. Ra1 g4 48. hxg4 hxg4 49. Rf1+ Kg5 50. Kh1 Ne2 51. Kh2 Rb8 52. Bh1 Rh8+
53. Kg2 Rh3 54. Rf8 Nxg3 55. Rg8+ Kf4 56. Rf8+ Kxe4 57. Rg8 Kf4 58. Rf8+ Ke3
0-1

[Event "4NCL Division Four"]
[Site "Warwick, ENG"]
[Date "2024.02.11"]
[Round "6.12"]
[White "Bharat Kumar, Balahari"]
[Black "Ackley, Peter J E"]
[Result "0-1"]
[WhiteElo "2060"]
[BlackElo "2101"]
[PlyCount "126"]
[EventDate "2024.02.11"]
[WhiteTeam "Desert Penguins"]
[BlackTeam "Average Woodpushers"]

1. d4 d6 2. g3 f5 3. Bg2 Nf6 4. d5 e5 5. dxe6 c6 6. Nf3 Bxe6 7. Nd4 Qd7 8. Nxe6
Qxe6 9. O-O d5 10. Bf4 Nbd7 11. c4 dxc4 12. Nc3 Bc5 13. e4 Nxe4 14. Nxe4 fxe4
15. Bxe4 O-O 16. Qc2 Nf6 17. Bf5 Qf7 18. Bg5 Kh8 19. Rad1 Qh5 20. Be3 Bxe3 21.
fxe3 Nd5 22. Rde1 Qh6 23. Qe2 g6 24. e4 gxf5 25. exd5 cxd5 26. Qe5+ Qg7 27.
Qxd5 f4 28. Rf3 fxg3 29. hxg3 Rxf3 30. Qxf3 Rg8 31. Re3 Rf8 32. Qe2 b5 33. Kg2
Rg8 34. Qf2 Rf8 35. Qe2 Rg8 36. Qf2 a5 37. Rf3 b4 38. Rf7 Qe5 39. Rf4 c3 40.
bxc3 bxc3 41. Rf3 a4 42. a3 Qd5 43. Qe3 Rc8 44. Qe7 c2 45. Kh3 Qxf3 46. Qe5+
Kg8 47. Qe6+ Kg7 48. Qd7+ Qf7 49. Qg4+ Kf6 50. Qd4+ Ke7 51. Qb4+ Kd8 52. Qb6+
Rc7 53. Qb8+ Kd7 54. Qb5+ Ke7 55. Qb4+ Kf6 56. Qf4+ Ke6 57. Qe3+ Kf6 58. Qf4+
Kg6 59. Qd6+ Qf6 60. Qxc7 Qf1+ 61. Kh2 c1=Q 62. Qd6+ Qf6 63. Qd3+ Kh6 0-1

[Event "4NCL Division Four"]
[Site "Warwick, ENG"]
[Date "2024.02.11"]
[Round "6.13"]
[White "Wong, Chun Hei"]
[Black "Bansal, Rohan"]
[Result "1/2-1/2"]
[WhiteElo "2084"]
[BlackElo "1977"]
[PlyCount "122"]
[EventDate "2024.02.11"]
[WhiteTeam "Average Woodpushers"]
[BlackTeam "Desert Penguins"]

1. d4 d5 2. c4 e6 3. Nc3 a6 4. cxd5 exd5 5. Bf4 Nf6 6. e3 Bd6 7. Bg5 c6 8. Bd3
Be6 9. Nge2 h6 10. Bh4 Nbd7 11. Nf4 Bg4 12. Bxf6 Nxf6 13. f3 Bd7 14. Nfe2 Nh5
15. g4 Qh4+ 16. Kd2 Nf6 17. Qe1 Qxe1+ 18. Raxe1 O-O-O 19. Na4 Bb4+ 20. Nec3 Be6
21. a3 Bd6 22. b4 Nd7 23. Ne2 Bc7 24. Ng3 b5 25. Nb2 g6 26. Bc2 Nb6 27. Bb3
Nc4+ 28. Bxc4 dxc4 29. Ne4 Bd5 30. Ref1 Bxe4 31. fxe4 Rhe8 32. Rxf7 Rxe4 33. h3
Rde8 34. Nd1 Bd8 35. Rhf1 Bg5 36. Kc2 Bxe3 37. Nxe3 Rxe3 38. Ra7 Re2+ 39. Kd1
Kb8 40. Rh7 c3 41. Rhf7 Rd2+ 42. Kc1 Ra2 43. Rf8 Rxf8 44. Rxf8+ Kc7 45. Rf6 Rh2
46. Rxg6 Rxh3 47. Kc2 Kd7 48. Kb3 Rd3 49. Rxh6 Rxd4 50. Kxc3 Rxg4 51. Rh7+ Kc8
52. Ra7 Rg3+ 53. Kb2 Rg4 54. Kb3 Rg3+ 55. Kb2 Kb8 56. Rxa6 Kb7 57. Ra5 Rg8 58.
a4 Rg4 59. Kb3 bxa4+ 60. Kxa4 Kb6 61. Rc5 Rg1 1/2-1/2

[Event "4NCL Division Four"]
[Site "Warwick, ENG"]
[Date "2024.02.11"]
[Round "6.14"]
[White "Bansal, Saahil"]
[Black "Burke, Mitchell R"]
[Result "1/2-1/2"]
[WhiteElo "1883"]
[BlackElo "2064"]
[PlyCount "52"]
[EventDate "2024.02.11"]
[WhiteTeam "Desert Penguins"]
[BlackTeam "Average Woodpushers"]

1. b3 e5 2. Bb2 d6 3. d4 exd4 4. Qxd4 Nc6 5. Qd2 Nf6 6. Nc3 Be6 7. Nf3 h6 8. e3
Qd7 9. Be2 Be7 10. O-O-O O-O-O 11. Nd4 Nxd4 12. Qxd4 c5 13. Qf4 a6 14. Na4 Qc7
15. h4 Rhg8 16. Bf3 g5 17. hxg5 hxg5 18. Qg3 g4 19. Bxf6 Bxf6 20. Be4 Be5 21.
f4 gxf3 22. Qxf3 Rg3 23. Qf2 d5 24. Bf5 Rxe3 25. Rh7 Bf4 26. Bxe6+ Rxe6+
1/2-1/2

[Event "4NCL Division Four"]
[Site "Warwick, ENG"]
[Date "2024.02.11"]
[Round "6.15"]
[White "Pelling, Kyle"]
[Black "Sedykh, Stakhey"]
[Result "1/2-1/2"]
[WhiteElo "2038"]
[BlackElo "1601"]
[PlyCount "69"]
[EventDate "2024.02.11"]
[WhiteTeam "Average Woodpushers"]
[BlackTeam "Desert Penguins"]

1. e4 e5 2. Nf3 Nc6 3. Bb5 a6 4. Ba4 Nf6 5. d3 b5 6. Bb3 Be7 7. O-O d6 8. c3
Na5 9. Bc2 c5 10. Nbd2 Nc6 11. Re1 O-O 12. Nf1 h6 13. Ng3 Re8 14. h3 Be6 15. d4
cxd4 16. cxd4 exd4 17. Ne2 Nb4 18. Bb1 d3 19. Ned4 Nc2 20. Nxc2 dxc2 21. Bxc2
d5 22. e5 Ne4 23. Nd4 Bb4 24. Nc6 Qh4 25. Rxe4 dxe4 26. Nxb4 e3 27. Nd3 exf2+
28. Nxf2 Red8 29. Qf3 Rac8 30. Bf5 Bxf5 31. Qxf5 Qd4 32. e6 fxe6 33. Qxe6+ Kh8
34. Qe3 Qf6 35. Qf4 1/2-1/2

[Event "4NCL Division Four"]
[Site "Warwick, ENG"]
[Date "2024.02.11"]
[Round "6.16"]
[White "Sinalkar, Aahan"]
[Black "Latham, David"]
[Result "0-1"]
[WhiteElo "1159"]
[BlackElo "2029"]
[PlyCount "124"]
[EventDate "2024.02.11"]
[WhiteTeam "Desert Penguins"]
[BlackTeam "Average Woodpushers"]

1. d4 Nf6 2. c4 e6 3. Nf3 b6 4. a3 Bb7 5. Nc3 d5 6. cxd5 Nxd5 7. e3 Nd7 8. Bd3
N7f6 9. Bd2 Be7 10. Qc2 c5 11. dxc5 Bxc5 12. Ne4 Nxe4 13. Qa4+ Kf8 14. Bxe4 f5
15. Bd3 Nxe3 16. Bxe3 Bxe3 17. Bxf5 Bxf3 18. fxe3 Bxg2 19. Rg1 Qg5 20. Qf4 Qxf4
21. exf4 exf5 22. Rxg2 Re8+ 23. Kf2 Kf7 24. Rd1 Re7 25. h4 Rhe8 26. Rd2 g6 27.
Rg5 Re4 28. Kf3 Re3+ 29. Kf2 Rh3 30. Rg2 Rxh4 31. Rd4 Rh1 32. Kf3 Rh3+ 33. Kf2
Rhe3 34. Rd7+ R8e7 35. Rxa7 Re2+ 36. Kf3 Rxg2 37. Rxe7+ Kxe7 38. Kxg2 h6 39. a4
Kd6 40. b4 Kd5 41. Kf3 Kc4 42. a5 bxa5 43. bxa5 Kb5 44. Kg3 Kxa5 45. Kh3 Kb5
46. Kg3 Kc5 47. Kg2 Kd4 48. Kf3 Kd3 49. Kg2 Ke4 50. Kg3 Ke3 51. Kh4 Kxf4 52.
Kh3 Ke3 53. Kg3 f4+ 54. Kg2 Ke2 55. Kg1 f3 56. Kh2 f2 57. Kg3 f1=R 58. Kg2 Rf4
59. Kg1 Rg4+ 60. Kh2 Kf2 61. Kh3 h5 62. Kh2 Rh4# 0-1

[Event "4NCL Division Four"]
[Site "Warwick, ENG"]
[Date "2024.02.11"]
[Round "6.21"]
[White "Cooper, John G"]
[Black "Kelmendi, Bajrush"]
[Result "0-1"]
[WhiteElo "2292"]
[BlackElo "1953"]
[PlyCount "78"]
[EventDate "2024.02.11"]
[WhiteTeam "North West Eagles"]
[BlackTeam "Celtic Tigers 3"]

1. Nf3 g6 2. c4 Bg7 3. d4 b6 4. e4 Bb7 5. Nc3 e6 6. Bd3 Ne7 7. Be3 d5 8. cxd5
exd5 9. e5 h6 10. Qc2 a6 11. h4 Bc8 12. Ne2 Bf5 13. Bxf5 Nxf5 14. Nf4 c6 15.
O-O-O O-O 16. Kb1 Qe8 17. g4 Nxe3 18. fxe3 Ra7 19. e4 f6 20. e6 g5 21. hxg5
fxg5 22. Nxg5 Rxf4 23. exd5 hxg5 24. Qh7+ Kf8 25. Rdf1 Qe7 26. Rxf4+ gxf4 27.
Rh5 Bf6 28. Qf5 Ke8 29. d6 Qg7 30. Rh7 Qxh7 31. d7+ Rxd7 32. exd7+ Qxd7 33.
Qxf6 Qh7+ 34. Kc1 Qh1+ 35. Kc2 Qg2+ 36. Kc1 Qf1+ 37. Kc2 Nd7 38. Qxc6 Qe2+ 39.
Kc3 Qxg4 0-1

[Event "4NCL Division Four"]
[Site "Warwick, ENG"]
[Date "2024.02.11"]
[Round "6.22"]
[White "Brixel, Christof"]
[Black "Redmond, John P"]
[Result "0-1"]
[WhiteElo "1847"]
[BlackElo "2271"]
[PlyCount "52"]
[EventDate "2024.02.11"]
[WhiteTeam "Celtic Tigers 3"]
[BlackTeam "North West Eagles"]

1. e4 e6 2. c4 d5 3. cxd5 exd5 4. exd5 Nf6 5. Bb5+ Nbd7 6. Nc3 Be7 7. Nf3 O-O
8. d4 Nb6 9. h3 Bf5 10. Bf4 Nfxd5 11. Be5 Bb4 12. Qd2 c6 13. Bd3 Bxd3 14. Qxd3
f6 15. Bg3 Na4 16. O-O Nxb2 17. Qc2 Bxc3 18. Rab1 Nc4 19. Rb3 Qa5 20. Rxb7 Ncb6
21. Qf5 Qa6 22. Qe6+ Kh8 23. Rf7 Rxf7 24. Qxf7 Qc8 25. Nh4 Qe8 26. Qb7 Qd7 0-1

[Event "4NCL Division Four"]
[Site "Warwick, ENG"]
[Date "2024.02.11"]
[Round "6.23"]
[White "Kennaugh, Charles W"]
[Black "Tivillier, Jacques"]
[Result "1/2-1/2"]
[WhiteElo "2221"]
[BlackElo "1856"]
[PlyCount "46"]
[EventDate "2024.02.11"]
[WhiteTeam "North West Eagles"]
[BlackTeam "Celtic Tigers 3"]

1. e4 c5 2. Nf3 d6 3. d4 cxd4 4. Nxd4 Nf6 5. Nc3 a6 6. a4 e5 7. Nf3 Be7 8. Bg5
Be6 9. Bxf6 Bxf6 10. Nd5 Bxd5 11. Qxd5 Nc6 12. Bc4 Qa5+ 13. c3 Qxd5 14. Bxd5
O-O 15. b4 Rac8 16. a5 Rc7 17. Kd2 Ne7 18. Bb3 d5 19. exd5 Nxd5 20. Bxd5 Rd8
21. Ke3 Rxd5 22. Ke4 Rd8 23. Nxe5 Bxe5 1/2-1/2

[Event "4NCL Division Four"]
[Site "Warwick, ENG"]
[Date "2024.02.11"]
[Round "6.24"]
[White "Sturt, Charles A"]
[Black "Zeidler, Sven P"]
[Result "0-1"]
[WhiteElo "1617"]
[BlackElo "2202"]
[PlyCount "84"]
[EventDate "2024.02.11"]
[WhiteTeam "Celtic Tigers 3"]
[BlackTeam "North West Eagles"]

1. d4 f5 2. e4 fxe4 3. Nc3 Nf6 4. Bg5 c6 5. d5 Qa5 6. Bxf6 exf6 7. Bc4 Bb4 8.
Nge2 Qc5 9. Bb3 Na6 10. O-O f5 11. a3 Ba5 12. d6 Rf8 13. Ba2 Qe5 14. b4 Bb6 15.
Na4 Rf6 16. Nxb6 axb6 17. c3 Rxd6 18. Qb3 Kd8 19. Nd4 Rh6 20. Qg8+ Kc7 21. f4
Qf6 22. h3 Rb8 23. Qb3 d5 24. Rae1 Be6 25. a4 Rg8 26. Qc2 Bd7 27. Qf2 g5 28.
Re3 g4 29. Rg3 Rgg6 30. Qe3 gxh3 31. Rxh3 Qg7 32. Rf2 Rxh3 33. Qxh3 Rg3 34.
Nxf5 Bxf5 35. Qxf5 Rxc3 36. Qe5+ Qxe5 37. fxe5 Nxb4 38. Rf7+ Kd8 39. Rxb7 Nxa2
40. Rxb6 e3 41. Rb2 Rc1+ 42. Kh2 Nc3 0-1

[Event "4NCL Division Four"]
[Site "Warwick, ENG"]
[Date "2024.02.11"]
[Round "6.25"]
[White "Manawadu, Dilhan"]
[Black "Perchard, Matthew"]
[Result "1-0"]
[WhiteElo "1914"]
[BlackElo "1569"]
[PlyCount "117"]
[EventDate "2024.02.11"]
[WhiteTeam "North West Eagles"]
[BlackTeam "Celtic Tigers 3"]

1. e4 e6 2. d3 d5 3. Nd2 Nf6 4. g3 Nc6 5. Bg2 dxe4 6. dxe4 Bc5 7. Ngf3 e5 8.
O-O O-O 9. c3 a5 10. Qc2 b6 11. h3 Ba6 12. Re1 Qc8 13. Nb3 Nd7 14. Be3 Bxe3 15.
Rxe3 a4 16. Nc1 Nc5 17. b4 axb3 18. axb3 Re8 19. b4 Ne6 20. Qb3 Bb7 21. Rxa8
Qxa8 22. Nd3 f6 23. Re1 Kh8 24. Nb2 Qd8 25. Rd1 Qe7 26. Nh4 g6 27. Nc4 Rd8 28.
Ne3 Rxd1+ 29. Qxd1 Qd8 30. Qxd8+ Nexd8 31. Nd5 Ne6 32. Nxf6 Kg7 33. Nd5 Kf7 34.
Nf3 Ba6 35. Bf1 Bxf1 36. Kxf1 b5 37. h4 h6 38. Ke2 Ke8 39. Nf6+ Kf7 40. Ng4 h5
41. Ngxe5+ Nxe5 42. Nxe5+ Kf6 43. f4 Nd8 44. Ke3 Ne6 45. Nc6 Kf7 46. Nd4 Nxd4
47. Kxd4 Ke6 48. Kc5 Kd7 49. Kxb5 Kd6 50. c4 c6+ 51. Kb6 Kd7 52. Kc5 Kc7 53. b5
cxb5 54. cxb5 Kb7 55. e5 Kc7 56. b6+ Kb7 57. e6 g5 58. fxg5 Kc8 59. Kd6 1-0

[Event "4NCL Division Four"]
[Site "Warwick, ENG"]
[Date "2024.02.11"]
[Round "6.26"]
[White "Rigby, Charles"]
[Black "Banerjee, Sanjoy K"]
[Result "1/2-1/2"]
[WhiteElo "1529"]
[BlackElo "1716"]
[PlyCount "77"]
[EventDate "2024.02.11"]
[WhiteTeam "Celtic Tigers 3"]
[BlackTeam "North West Eagles"]

1. d4 d5 2. c4 c6 3. Nc3 Nf6 4. Bg5 dxc4 5. e3 Qa5 6. Bxf6 gxf6 7. Bxc4 b5 8.
Bd3 Be6 9. Nge2 Nd7 10. Nf4 b4 11. Qa4 Qxa4 12. Nxa4 Bh6 13. Nxe6 fxe6 14. Be4
Rc8 15. Rc1 c5 16. dxc5 Ne5 17. Ke2 f5 18. Bb7 Rc7 19. c6 O-O 20. f4 Nxc6 21.
Rxc6 Rxb7 22. Nc5 Rb5 23. Nxe6 Rf6 24. Rhc1 Rg6 25. g3 Bg7 26. Nxg7 Kxg7 27.
Rc7 Ra6 28. Rxe7+ Kg6 29. e4 fxe4 30. Rxe4 Rxa2 31. Rc2 a5 32. Kd3 b3 33. Rce2
a4 34. Re1 a3 35. bxa3 b2 36. Rb1 Rxa3+ 37. Kc4 Rbb3 38. Re2 Rc3+ 39. Kd4
1/2-1/2

[Event "4NCL Division Four"]
[Site "Warwick, ENG"]
[Date "2024.02.11"]
[Round "6.31"]
[White "Larkin, Benjamin"]
[Black "Flynn, David"]
[Result "1-0"]
[WhiteElo "2127"]
[BlackElo "1912"]
[PlyCount "47"]
[EventDate "2024.02.11"]
[WhiteTeam "ToBeDecided"]
[BlackTeam "Ashfield 2"]

1. e4 c5 2. Nf3 Nc6 3. Bb5 g6 4. O-O Bg7 5. c3 Nf6 6. Re1 O-O 7. d4 d5 8. e5
Ne4 9. Be3 Qb6 10. Bxc6 bxc6 11. Qc1 cxd4 12. cxd4 f6 13. Nc3 Nxc3 14. Qxc3 Ba6
15. Rac1 Rac8 16. exf6 exf6 17. Bf4 Kf7 18. h4 h5 19. Re3 Rfd8 20. Rce1 Re8 21.
Bd6 Rxe3 22. Qxe3 Kg8 23. Qe6+ Kh7 24. Be7 1-0

[Event "4NCL Division Four"]
[Site "Warwick, ENG"]
[Date "2024.02.11"]
[Round "6.32"]
[White "Lane, Tim A"]
[Black "Rathbone-Jones, Ifan"]
[Result "0-1"]
[WhiteElo "1817"]
[BlackElo "2101"]
[PlyCount "84"]
[EventDate "2024.02.11"]
[WhiteTeam "Ashfield 2"]
[BlackTeam "ToBeDecided"]

1. b3 c5 2. Bb2 c4 3. e3 d5 4. bxc4 dxc4 5. Bxc4 Qc7 6. Bb5+ Bd7 7. Bxd7+ Nxd7
8. Nc3 Ngf6 9. Nge2 h5 10. Rb1 a6 11. Nf4 Rc8 12. Nfd5 Nxd5 13. Nxd5 Qc4 14.
Nc3 e6 15. Qe2 Qc7 16. f4 b5 17. O-O Nf6 18. Rfc1 h4 19. Nd1 h3 20. Qf3 hxg2
21. Kxg2 Nd5 22. a3 Bd6 23. Be5 Bxe5 24. fxe5 Qxe5 25. Qg3 Qe4+ 26. Kg1 Rh6 27.
Nf2 Qh7 28. Kh1 Ke7 29. c3 Rh8 30. h3 Rg6 31. Qh2 Qh5 32. Rg1 Qf3+ 33. Rg2 Rh5
34. Rbg1 Rgh6 35. Qg3 Rxh3+ 36. Nxh3 Rxh3+ 37. Qxh3 Qxh3+ 38. Rh2 Qf3+ 39. Rhg2
Nf6 40. Kh2 Qh5+ 41. Kg3 Ne4+ 42. Kf4 Qf5# 0-1

[Event "4NCL Division Four"]
[Site "Warwick, ENG"]
[Date "2024.02.11"]
[Round "6.33"]
[White "Gurner, Jem"]
[Black "Radford, Mark Sr"]
[Result "1-0"]
[WhiteElo "2102"]
[BlackElo "1771"]
[PlyCount "77"]
[EventDate "2024.02.11"]
[WhiteTeam "ToBeDecided"]
[BlackTeam "Ashfield 2"]

1. e4 e6 2. d4 d5 3. Nd2 Nf6 4. e5 Nfd7 5. c3 c5 6. Ngf3 Nc6 7. Bd3 Be7 8. O-O
cxd4 9. cxd4 a6 10. Re1 g5 11. Nb3 g4 12. Nfd2 h5 13. Nf1 Bg5 14. f4 Bh4 15. g3
Be7 16. Be3 Nf8 17. Rc1 Bd7 18. a3 Rg8 19. Nc5 Bxc5 20. dxc5 Ne7 21. Bf2 Bc6
22. Ne3 Qd7 23. Nc2 Nf5 24. Bxf5 exf5 25. Nd4 O-O-O 26. Qc2 Kb8 27. Qxf5 Ne6
28. Qd3 Nxd4 29. Qxd4 Qf5 30. a4 h4 31. gxh4 g3 32. Bxg3 Qh3 33. Kf2 Bd7 34.
Rg1 Bf5 35. c6 bxc6 36. Qb6+ Ka8 37. Qxa6+ Kb8 38. Qb6+ Ka8 39. Qa6+ 1-0

[Event "4NCL Division Four"]
[Site "Warwick, ENG"]
[Date "2024.02.11"]
[Round "6.34"]
[White "Bromilow, Edward T"]
[Black "Honey, Luke Anthony"]
[Result "0-1"]
[WhiteElo "1780"]
[BlackElo "1999"]
[PlyCount "46"]
[EventDate "2024.02.11"]
[WhiteTeam "Ashfield 2"]
[BlackTeam "ToBeDecided"]

1. d4 d5 2. Nf3 Nf6 3. e3 Bf5 4. c4 e6 5. Qb3 Nc6 6. cxd5 Nb4 7. Na3 exd5 8.
Bd2 a5 9. Rc1 c6 10. Be2 a4 11. Qd1 Nxa2 12. Ra1 Nb4 13. O-O Ne4 14. Bc3 Bd6
15. Bxb4 Bxb4 16. Nc2 Bd6 17. Nce1 Qa5 18. Nd3 O-O 19. Qc2 Rfc8 20. Rfc1 c5 21.
Nxc5 b6 22. Qxa4 Qxa4 23. Nxa4 Rxc1+ 0-1

[Event "4NCL Division Four"]
[Site "Warwick, ENG"]
[Date "2024.02.11"]
[Round "6.35"]
[White "MacDonald, Duncan"]
[Black "Combie, Alex B"]
[Result "1-0"]
[WhiteElo "1762"]
[BlackElo "1787"]
[PlyCount "63"]
[EventDate "2024.02.11"]
[WhiteTeam "ToBeDecided"]
[BlackTeam "Ashfield 2"]

1. c4 e6 2. Nc3 d5 3. d4 Nf6 4. Bg5 Be7 5. Nf3 h6 6. Bxf6 Bxf6 7. e3 O-O 8. Bd3
c6 9. O-O Nd7 10. Qc2 dxc4 11. Bxc4 b5 12. Bb3 a6 13. Ne4 Bb7 14. Rac1 Be7 15.
Nc5 Nxc5 16. dxc5 Bf6 17. Nd2 e5 18. Ne4 Be7 19. Qe2 Bc8 20. Rfd1 Qc7 21. Qh5
Be6 22. Bxe6 fxe6 23. Nd6 Bxd6 24. cxd6 Qd7 25. Qxe5 Rf5 26. Qc3 Rd5 27. Rxd5
cxd5 28. Qe5 Rc8 29. Rc7 Rxc7 30. dxc7 Qc6 31. Qc3 Qxc3 32. bxc3 1-0

[Event "4NCL Division Four"]
[Site "Warwick, ENG"]
[Date "2024.02.11"]
[Round "6.36"]
[White "Hatton, David"]
[Black "Vanjare, Aditya"]
[Result "1-0"]
[WhiteElo "1782"]
[BlackElo "1568"]
[PlyCount "79"]
[EventDate "2024.02.11"]
[WhiteTeam "Ashfield 2"]
[BlackTeam "ToBeDecided"]

1. d4 Nf6 2. c4 g6 3. Nc3 Bg7 4. Nf3 d6 5. Bg5 Nbd7 6. e3 O-O 7. Be2 Re8 8. O-O
e5 9. dxe5 dxe5 10. Qc2 c6 11. Rfd1 Qc7 12. b4 h6 13. Bh4 g5 14. Bg3 Nh5 15.
Nd2 Nxg3 16. hxg3 Nb6 17. Nce4 f5 18. c5 fxe4 19. cxb6 Qxb6 20. Bh5 Rf8 21.
Qc4+ Kh8 22. Nxe4 Bf5 23. Nd6 Rf6 24. Nf7+ Kh7 25. Nxe5 Re6 26. Nd7 Qc7 27. Nc5
Re7 28. Rac1 Bb2 29. Rc2 Bxc2 30. Qxc2+ Kg8 31. Qxb2 b6 32. Qb3+ Kh8 33. Ne6
Qe5 34. Nd4 Qf6 35. Nxc6 Qxc6 36. Bf3 Qc8 37. Bxa8 Qxa8 38. Qc3+ Kh7 39. Qf6
Re4 40. Rd7+ 1-0

[Event "4NCL Division Four"]
[Site "Warwick, ENG"]
[Date "2024.02.11"]
[Round "6.41"]
[White "Tenin, Aleksander"]
[Black "Sachdeva, Ronit"]
[Result "1-0"]
[WhiteElo "2050"]
[BlackElo "2028"]
[PlyCount "89"]
[EventDate "2024.02.11"]
[WhiteTeam "War and Piece A"]
[BlackTeam "Guildford Young Guns"]

1. e4 c5 2. Nf3 d6 3. Bc4 e6 4. Nc3 Nf6 5. e5 dxe5 6. Nxe5 a6 7. a4 Nbd7 8. f4
Qc7 9. Nxd7 Bxd7 10. O-O Bd6 11. d3 h5 12. Qe2 O-O-O 13. Ne4 Be7 14. Ng5 Rdf8
15. f5 Ng4 16. Bf4 e5 17. Nxf7 Rxf7 18. Bxf7 exf4 19. Qxe7 f3 20. g3 f2+ 21.
Rxf2 Nxf2 22. Kxf2 h4 23. Qe3 hxg3+ 24. hxg3 Qc6 25. Qe4 Qh6 26. Be6 Bxe6 27.
Qxe6+ Qxe6 28. fxe6 Rh2+ 29. Ke3 Rxc2 30. Rf1 Kd8 31. Rf7 Rxb2 32. Rxg7 Rb6 33.
Kf4 Rc6 34. Rxb7 Rd6 35. g4 Rxd3 36. g5 Rd6 37. Ke5 Rc6 38. a5 c4 39. Rb6 Rc7
40. g6 c3 41. Rb8+ Ke7 42. g7 Rc5+ 43. Kd4 c2 44. g8=Q c1=Q 45. Qf7+ 1-0

[Event "4NCL Division Four"]
[Site "Warwick, ENG"]
[Date "2024.02.11"]
[Round "6.42"]
[White "Kothari, Jai"]
[Black "Tucker, David S"]
[Result "1-0"]
[WhiteElo "2034"]
[BlackElo "1969"]
[PlyCount "151"]
[EventDate "2024.02.11"]
[WhiteTeam "Guildford Young Guns"]
[BlackTeam "War and Piece A"]

1. e4 c5 2. Nc3 e6 3. f4 d5 4. Nf3 dxe4 5. Nxe4 Nf6 6. Nxf6+ Qxf6 7. g3 Nc6 8.
Bg2 Bd6 9. O-O O-O 10. d3 Bd7 11. c3 Rad8 12. Ne5 Qe7 13. Qe2 f6 14. Nxc6 Bxc6
15. Bxc6 bxc6 16. Qe4 Rc8 17. Re1 Rfe8 18. Qc4 Qf7 19. Bd2 e5 20. Qxf7+ Kxf7
21. Kf2 h6 22. f5 Bf8 23. Rad1 Rb8 24. Bc1 Red8 25. Kf3 Rd5 26. b3 Rbd8 27. Ke4
Ke8 28. g4 Be7 29. Be3 a6 30. h4 Kf7 31. Rg1 Rh8 32. Rg3 Rdd8 33. Rdg1 Rd7 34.
Rh1 Rhd8 35. Bc1 Rh8 36. Rhh3 Bf8 37. g5 hxg5 38. hxg5 Rxh3 39. Rxh3 Kg8 40.
Rg3 Kf7 41. Be3 Rd8 42. Rh3 Kg8 43. Rh1 Rd7 44. Rd1 Kf7 45. g6+ Kg8 46. Rh1 Rd8
47. Bc1 Rd7 48. Ke3 Rd5 49. Bd2 Rd7 50. Rh4 Bd6 51. Ra4 Ra7 52. Ke4 Kf8 53. Be3
Ke7 54. Ra5 Ra8 55. Bxc5 Rh8 56. Bxd6+ Kxd6 57. d4 Rh4+ 58. Ke3 Rh3+ 59. Kd2
Rh2+ 60. Kd3 Rh3+ 61. Kc4 e4 62. Rxa6 Rf3 63. Ra5 Rf2 64. Ra8 Rxf5 65. Rd8+ Ke7
66. Rg8 Rg5 67. Rxg7+ Ke6 68. Rg8 f5 69. a4 f4 70. Re8+ Kf5 71. Re5+ Kxg6 72.
Rxe4 Rf5 73. Kd3 Kg5 74. Re5 Rxe5 75. dxe5 Kf5 76. a5 1-0

[Event "4NCL Division Four"]
[Site "Warwick, ENG"]
[Date "2024.02.11"]
[Round "6.43"]
[White "Bradley, William"]
[Black "Sefton, Adam"]
[Result "0-1"]
[WhiteElo "1886"]
[BlackElo "1854"]
[PlyCount "124"]
[EventDate "2024.02.11"]
[WhiteTeam "War and Piece A"]
[BlackTeam "Guildford Young Guns"]

1. b3 e5 2. Bb2 Nc6 3. e3 Nf6 4. Bb5 d6 5. d4 exd4 6. exd4 a6 7. Bxc6+ bxc6 8.
Nf3 Bf5 9. O-O Be7 10. c4 O-O 11. Nc3 h5 12. d5 c5 13. Re1 Re8 14. Nd2 Ng4 15.
h3 Ne5 16. Nde4 h4 17. f4 Ng6 18. Qf3 Bf6 19. Nxf6+ Qxf6 20. Na4 Qd8 21. Qc3 f6
22. Rxe8+ Qxe8 23. Re1 Qf7 24. Qe3 Bd7 25. Nc3 Re8 26. Qf2 Rxe1+ 27. Qxe1 Nxf4
28. Qxh4 Nd3 29. Qe4 Nxb2 30. Qc2 Nxc4 31. bxc4 Qe8 32. Qe4 Qxe4 33. Nxe4 Bf5
34. Nd2 Kf7 35. Kf2 Ke7 36. Nb3 Kd7 37. Na5 Be4 38. Nc6 Bd3 39. Na5 c6 40.
dxc6+ Kc7 41. Ke3 Bg6 42. g4 Be8 43. Ke4 Kb6 44. c7 Bd7 45. Nb3 Kxc7 46. Kd5
Bc8 47. a3 g6 48. Na5 g5 49. Nb3 f5 50. gxf5 Bxf5 51. Nd2 Bxh3 52. Nb3 Bg2+ 53.
Ke6 g4 54. Kf5 Bf3 55. Kf4 Be2 56. Nd2 Kc6 57. Ke3 Bd1 58. Ne4 Bf3 59. Nd2 d5
60. Nxf3 gxf3 61. cxd5+ Kxd5 62. Kxf3 Kd4 0-1

[Event "4NCL Division Four"]
[Site "Warwick, ENG"]
[Date "2024.02.11"]
[Round "6.44"]
[White "Twisk, Sebastian"]
[Black "Echavarria Hidalgo, Fernando"]
[Result "1-0"]
[WhiteElo "1902"]
[BlackElo "1775"]
[PlyCount "67"]
[EventDate "2024.02.11"]
[WhiteTeam "Guildford Young Guns"]
[BlackTeam "War and Piece A"]

1. e4 d6 2. d4 Nf6 3. Nc3 g6 4. Be3 Bg7 5. Qd2 O-O 6. Bh6 c5 7. Nf3 Nc6 8. d5
Nb8 9. h4 Bxh6 10. Qxh6 Ng4 11. Qd2 h5 12. Nh2 Nxh2 13. Rxh2 Kg7 14. Be2 Rh8
15. O-O-O Nd7 16. g4 hxg4 17. Bxg4 Ne5 18. Be2 Ng4 19. Bxg4 Bxg4 20. Rg1 Qd7
21. f4 f5 22. exf5 Qxf5 23. Kb1 a6 24. Rhg2 Bh5 25. Qe3 Kf7 26. Rg5 Qd7 27. f5
Rag8 28. fxg6+ Ke8 29. g7 Rh7 30. Qe4 Rh6 31. Rxh5 Rxh5 32. Qg6+ Kd8 33. Qxh5
Kc7 34. Qf7 1-0

[Event "4NCL Division Four"]
[Site "Warwick, ENG"]
[Date "2024.02.11"]
[Round "6.45"]
[White "O'Byrne, Daniel"]
[Black "Butcher, Nathaniel"]
[Result "0-1"]
[WhiteElo "1730"]
[BlackElo "1498"]
[PlyCount "150"]
[EventDate "2024.02.11"]
[WhiteTeam "War and Piece A"]
[BlackTeam "Guildford Young Guns"]

1. e4 c5 2. Nc3 e6 3. Nf3 Nc6 4. d4 cxd4 5. Nxd4 a6 6. Be3 Bb4 7. Qd2 h6 8. f3
Nf6 9. a3 Ba5 10. Be2 d5 11. b4 Bb6 12. Nxc6 bxc6 13. Na4 Ba7 14. Rd1 e5 15.
exd5 cxd5 16. Nc5 d4 17. f4 Bxc5 18. fxe5 Ne4 19. Qd3 Qh4+ 20. g3 Nxg3 21. Bf2
Qe4 22. Qxe4 Nxe4 23. bxc5 Nxc5 24. Bxd4 Ne6 25. Bf3 Rb8 26. Ba7 Rb5 27. Bc6+
Ke7 28. Bxb5 axb5 29. Rg1 g6 30. Rg3 Bd7 31. Rgd3 Bc6 32. Rd6 Rc8 33. Bb6 Be8
34. R1d2 Kf8 35. Ba5 Kg7 36. Bd8 Kh7 37. Bf6 Bc6 38. Kf2 Be8 39. Rb6 Kg8 40.
Rb7 Kh7 41. Ke3 g5 42. h4 Kg6 43. hxg5 hxg5 44. Rh2 Rc3+ 45. Kd2 Rxa3 46. Rb8
Bc6 47. Rg8+ Kf5 48. Rh7 Ra7 49. Rc8 Bd5 50. Rb8 Bc4 51. Rh5 Kg4 52. Rh1 Nd4
53. Rg1+ Kf4 54. Bxg5+ Kxe5 55. Rg3 Rd7 56. Rg2 Nc6+ 57. Kc3 Nxb8 58. Rf2 Nc6
59. Bf6+ Ke4 60. Bg7 f5 61. Bh6 Rh7 62. Rf4+ Ke5 63. Rh4 Kf6 64. Bg5+ Kg6 65.
Rxh7 Kxh7 66. Bf4 Kg6 67. Kd2 b4 68. Ke3 Kh5 69. Bd6 Kg4 70. Bc7 Bd5 71. Bb6
f4+ 72. Kd2 Bc4 73. Bc5 f3 74. Bf2 Kf4 75. Bh4 Ne5 0-1

[Event "4NCL Division Four"]
[Site "Warwick, ENG"]
[Date "2024.02.11"]
[Round "6.46"]
[White "Jennis, Alistair"]
[Black "Thomas, Jacob"]
[Result "1/2-1/2"]
[WhiteElo "1486"]
[BlackElo "1497"]
[PlyCount "65"]
[EventDate "2024.02.11"]
[WhiteTeam "Guildford Young Guns"]
[BlackTeam "War and Piece A"]

1. c4 c5 2. Nc3 Nc6 3. g3 g6 4. Bg2 Bg7 5. e4 e5 6. Nge2 Nge7 7. O-O O-O 8. d3
d6 9. h3 Be6 10. f4 exf4 11. Nxf4 Qd7 12. Kh2 Be5 13. Nxe6 fxe6 14. Bf4 Bg7 15.
Qd2 Rf7 16. h4 Raf8 17. Bh3 Nd4 18. Ne2 Nec6 19. Nxd4 Nxd4 20. Kg2 Qc6 21. Be3
Rxf1 22. Rxf1 Rxf1 23. Kxf1 Qe8 24. Bxd4 Bxd4 25. Qf4 Qf7 26. Qxf7+ Kxf7 27. b3
Kf6 28. Ke2 h6 29. Kf3 g5 30. hxg5+ hxg5 31. Bg4 a5 32. Bh3 b6 33. Bg4 1/2-1/2